Quizzes
Events
Quiz Creation
Community
Videos
Private Events
Remove Ads
Sign In
Join for FREE
Feedback
Dark Mode
Quiz Categories
Sports
Geography
Music
Movies
Television
Just For Fun
Miscellaneous
History
Literature
Language
Science
Gaming
Entertainment
Religion
Holiday
For Kids
Quiz Lab
Recent
Popular Today
Quiz Kudos Today
Editor Picks
Curator Picks
Quizzes by...
Day
Popularity
Type
Ratings
Length
Year
Community
Subscriptions
Recent Discussions
Orange Saloon
Badges
Playlists
Quests
Create
Leaderboards
Showdown
Live 5
Trivia Bingo
Activity
Puzzle Library
Sporcle Events
Private Events
Virtual Trivia
Globe League
Become a Host
Pub Owners
SporcleCon
Opinionation
Our Games
Videos
Blog
Mobile Apps
Partnerships
Remove Ads and Go Orange
Feedback
Gaming
Video Games
Board Games
Card Games
Pokémon
Mario
Nintendo
Minecraft
Console
Toys
Legend of Zelda
Gaming
Video Games
Board Games
Card Games
Pokémon
Mario
Nintendo
Minecraft
Console
Toys
Legend of Zelda
Random Quiz
Search Sporcle
×
Quiz Lab
Quiz Lab
Gaming
War
Type in answers that appear in a list
Type in answers that appear in a list
Classic
Best Score? Go Orange.
Darksiders 2 Boss Battles Stats
Can you name the Darksiders 2 Boss Battles?
By
Boss4
7m
27 Questions
115 Plays
115 Plays
115 Plays
Comments
Comments
Give Quiz Kudos
Give Quiz Kudos
-
- Ratings
hide this ad
Replay
Link that replays current quiz
Next Quiz
Link to next quiz in quiz playlist
You Got
0%
They Got
Avg Score
46%
Avg Friend Score
Upgrade to see
Score Distribution
Jump to the score distribution portion of the page
Score
0/27
Timer
07:00
0
Plays Today
Area
Boss
% Correct
The Veil
War Shade
79.1%
Stonefather's Vale
The Guardian
75.7%
The Veil
Ice Giant
68.7%
The Cauldron
Gharn
60.9%
The Black Stone
Samael
60.9%
The Well of Souls
Absalom
58.3%
Crucible
Wicked K
58.3%
Psychemeron
Achidna
56.5%
_
_
_
_
_
_
_
_
_
_
_
_
_
Maze
Soul Arbiter
53.9%
The Scar
Ghorn
52.2%
The Weeping Crag
Gorewood
51.3%
Lostlight
The Archon
50.4%
Lair of the Desposed King
Argul
50.4%
The Drenchfort
Karkinos
46.1%
Area
Boss
% Correct
City of the Dead
The Wailing Host
46.1%
_
_
_
_
_
_
_
_
_
_
Tomb
Phariseer
42.6%
Psychemeron
Basileus
39.1%
Earth
The Noss
39.1%
The Foundry
Corrupted Custodian
35.7%
The Lost Temple
Construct Hulk
33.9%
Tri-
Stone
Thane
33.9%
The Gilded Arena
Gnashor
33%
Judicator's Tomb/
Psychemeron
Bone Giant
33%
The Ivory Citadel
Jamaerah the Scribe
23.5%
Judicator's Tomb/
City of the Dead
Tormentor
22.6%
Judicators's Tomb
Bone Keeper
22.6%
The Nook
Bhethir
15.7%
Quiz Playlist
Details
Report
Send in Message
Add To Playlist
Classic:
Type in answers that appear in a list
Last Updated: Feb 16, 2017
Quiz Scoreboard
CHALLENGE
Sign Up to Join the Scoreboard
Show All
Scores
Hide
Comments
May contain spoilers
Recently Published
NBA Finals Game Top Scorers (2010s)
by flibbidy
Sports
5m
Guess the 'R' Things in 3 Words
by MSUKent
Miscellaneous
3m
Actor to Badly Drawn Movie III
by MoMosMoProblems
Movies
5m
More to Explore
Quiz From the Vault
Featured Blog Post
Where Does Lost Luggage Go?
hide this ad
You Might Also Like...
Tags
War Quiz
area
battle
boss
Today's Top Quizzes in Gaming
Browse Gaming
hide this ad
Today's Top Quizzes in War
Browse War
Top Contributed Quizzes in Gaming
1
Video Game Rainbow Blitz
2
Genshin Impact Logic Puzzle
3
Pokémon Gen IV Logic Puzzle (HARD)
4
Genshin Impact Logic Puzzle Quiz
5
Rainbow Six Siege Operators by Picture
6
Magic: the Gathering Set Symbols - LCI
7
Ordering Roman Numerals: Pokémon
8
St. Patrick's Pick: Gaming
9
Ultimate Genshin Impact Logic Puzzle (up to 4.3)
10
Wii Remote Buttons
Explore More
Trending Topics
Harry Potter
Crossword
Disney
Kpop
NBA
Marvel
Anime
Puzzle
NFL
The Office
Pokémon
Country
Soccer
WWE
Song
hide this ad
More By:
Boss4
Quiz
Plays
Rating
Category
Featured
Created
Bloodborne Boss Battles
4,126
4.57
Gaming
May 3, 2015
Westeros Lords and Fiefs
1,211
5.00
Literature
Sep 14, 2021
God of War (2018) Bosses
972
5.00
Gaming
Apr 26, 2018
Name the Autobots by Collage
921
5.00
Television
Mar 27, 2017
Dark Souls 2 SotFS Bosses
633
1.00
Gaming
May 3, 2015
Go to Creator's Profile
Score Distribution
Quiz Creator Spotlight
Boss4
Follow
Send a Message
Quizzes Created
-
Created Quiz Play Count
-
More By This Creator
Popular Quizzes Today
1
Find the US States - No Outlines Minefield
2
Find the US States
3
The Countries of the World
4
10 Largest US States in Order
5
Find the Countries of Europe - No Outlines Minefield
6
US States
7
Guess the 'R' Things in 3 Words
8
NBA Finals Game Top Scorers (2010s)
More Gaming Quizzes
Video Game Characters (A-Z)
Published
Trending Quizzes
First Name TV: Leading Men
Match the Book to the Film II
First Name TV: Leading Women Drama
3-Word Movies in 1 Word II
Match the Book to the Film VI
Recently Updated
Women's Final Four Teams by Year
bhenderson79
Presidents Quartet II
eogle
Anything But Clue(do)
eogle
Anything But Oceanian Capitals
eogle
Anything But 7
eogle
Anything But Thing
eogle
Word Ladder: February 29
pecheneg
Song Title Questions
pecheneg
Women's NCAA Tournament #1 Seeds
pecheneg
Celebrity Mug Shots
pecheneg
Trending Topics
Crossword
Harry Potter
Kpop
Anime
Marvel
Disney
NBA
Puzzle
Song
WWE
The Office
Country
NFL
Pokémon
Soccer
Your Account Isn't Verified!
In order to create a playlist on Sporcle, you need to verify the email address you used during registration. Go to your
Sporcle Settings
to finish the process.
Report this User
Report this user for behavior that violates our
Community Guidelines
.
Details:
Send Report
Go to the Sporcle.com Mobile Site →
Comments